|
|
|
|
| LEADER |
00883cam a2200241 7i4500 |
| 001 |
0000064208 |
| 005 |
20211203090000.0 |
| 020 |
|
|
|a 9780199664092 (electronic book)
|
| 090 |
0 |
0 |
|a RC349.D52
|b O244 2015
|
| 245 |
0 |
0 |
|a Oxford textbook of neuroimaging
|c edited by Massimo Filippi.
|
| 264 |
|
|
|a Oxford:
|b Oxford University Press,
|c 2015.
|
| 300 |
|
|
|a 1 online resource (xv, 414 pages):
|b illustrations, text file, PDF.
|
| 336 |
|
|
|a text
|2 rdacontent
|
| 337 |
|
|
|a computer
|2 rdamedia
|
| 338 |
|
|
|a online resource
|2 rdacarrier
|
| 490 |
0 |
|
|a Oxford textbooks in clinical neurology
|
| 650 |
|
0 |
|a Central nervous system --
|x Imaging
|
| 655 |
|
0 |
|a Electronic books
|
| 700 |
1 |
|
|a Filippi, Massimo
|
| 856 |
4 |
2 |
|u http://library.unisel.edu.my/web/guest/mylibrary
|
| 997 |
|
|
|a Health Sciences, Faculty
|
| 998 |
|
|
|a Medical Imaging, Diploma
|
| 999 |
|
|
|a EBO0008710
|b EBOOK
|c EBOOK
|e Electronic resources
|